000 00770nam a2200229 4500
003 OSt
005 20230907141549.0
006 k|||||r|||| 00| zz
008 708 R549v
040 _cLado V
082 _a750
_bB224e
100 _91043
_aBarahona Sotela, Rolando
_eautor
245 _aLa envoltura ... del Alma/
260 _bMinisterio de Cultura, Juventud y Deportes
_aCosta Rica
_c1999
300 _a8p.
_c28x13cm
650 _2Tesauro de Arte & Arquitectura
_aARTE
_9702
650 _2Tesauro de Arte & Arquitectura
_aPINTURA
_9702
650 _2Tesauro de Arte & Arquitectura
_aESCULTURA
650 _2Tesauro de Arte & Arquitectura
_aARTE CONTEMPORANEO
650 _2Tesauro de Arte & Arquitectura
_aBOLETÍN
942 _2ddc
_c1
_h750
_iB224e
_n0
999 _c4305
_d4305